000 00664nam a2200253Ia 4500
003 OSt
005 20221005052400.0
006 a|||||r|||| 00| 0
007 ta
008 221004b |||||||| |||| 00| 0 eng d
024 _a64813
037 _cTextual
040 _aCRL
_cCRL
_beng
041 _2eng
_aeng
082 _aV1Q7.J, M6
100 _aAl-Azmeh Aziz
245 0 _aArabic thought and Islamic societies
260 _aLondon
_bCroom Helm
_c1986
300 _a295p.
_ccm.
490 _aExeter Arabic and Islamic Series, 1986.
650 _aHISTORY
942 _hV1Q7.J, M6
_cTEXL
_2cc
999 _c960317
_d960317